Poverty amidst plenty : (Record no. 1653)
[ view plain ]
| 000 -LEADER | |
|---|---|
| fixed length control field | nam a22 a 4500 |
| 005 - DATE AND TIME OF LATEST TRANSACTION | |
| control field | 20170511120341.0 |
| 008 - FIXED-LENGTH DATA ELEMENTS--GENERAL INFORMATION | |
| fixed length control field | 170511s1989 enk | 001 | eng d |
| 020 ## - INTERNATIONAL STANDARD BOOK NUMBER | |
| International Standard Book Number | 0813305241 |
| 040 ## - CATALOGING SOURCE | |
| Original cataloging agency | AKMAL |
| 082 ## - DEWEY DECIMAL CLASSIFICATION NUMBER | |
| Classification number | 330.9 WEI |
| 090 ## - LOCALLY ASSIGNED LC-TYPE CALL NUMBER (OCLC); LOCAL CALL NUMBER (RLIN) | |
| Classification number (OCLC) (R) ; Classification number, CALL (RLIN) (NR) | 330.9 |
| Local cutter number (OCLC) ; Book number/undivided call number, CALL (RLIN) | WEI |
| 245 00 - TITLE STATEMENT | |
| Title | Poverty amidst plenty : |
| Remainder of title | world political economy and distributive justice |
| Statement of responsibility, etc. | edited by Edward Weisband. |
| 260 ## - PUBLICATION, DISTRIBUTION, ETC. | |
| Place of publication, distribution, etc. | Boulder, Colo. ; London |
| Name of publisher, distributor, etc. | Westview Press |
| Date of publication, distribution, etc. | 1989. |
| 300 ## - PHYSICAL DESCRIPTION | |
| Extent | xiv,270p. ; |
| Dimensions | 24cm |
| 650 0# - SUBJECT ADDED ENTRY--TOPICAL TERM | |
| Topical term or geographic name entry element | Economic history |
| Chronological subdivision | 1945- |
| 9 (RLIN) | 3369 |
| 650 0# - SUBJECT ADDED ENTRY--TOPICAL TERM | |
| Topical term or geographic name entry element | Distributive justice. |
| 9 (RLIN) | 3370 |
| 650 0# - SUBJECT ADDED ENTRY--TOPICAL TERM | |
| Topical term or geographic name entry element | Poor. |
| 9 (RLIN) | 3371 |
| 700 1# - ADDED ENTRY--PERSONAL NAME | |
| Personal name | Weisband, Edward. |
| 9 (RLIN) | 3372 |
| 852 41 - LOCATION | |
| Location | British Library |
| Sublocation or collection | DSC |
| 852 41 - LOCATION | |
| Location | British Library |
| Sublocation or collection | HMNTS |
| 942 ## - ADDED ENTRY ELEMENTS (KOHA) | |
| Source of classification or shelving scheme | |
| Koha item type | Book |
| Withdrawn status | Lost status | Source of classification or shelving scheme | Damaged status | Not for loan | Collection code | Home library | Current library | Shelving location | Date acquired | Inventory number | Total Checkouts | Full call number | Barcode | Date last seen | Price effective from | Koha item type |
|---|---|---|---|---|---|---|---|---|---|---|---|---|---|---|---|---|
| NON-FICTION | AKMAL Melaka | AKMAL Melaka | PINJAMAN | 11.05.2017 | 302154 | 330.9 WEI | 201705568 | 11.05.2017 | 11.05.2017 | Book |
